Statistics for Largest City & Capital per State

Click here to take the quiz!

General Stats

  • This quiz has been taken 29 times
  • The average score is 86 of 100

Answer Stats

StateCityAnswer% Correct
GeorgiaCapital | Largest CityAtlanta
100%
MassachusettsCapital | Largest CityBoston
100%
ArizonaCapital | Largest CityPhoenix
100%
CaliforniaCapitalSacramento
100%
IndianaCapital | Largest CityIndianapolis
100%
HawaiiCapital | Largest CityHonolulu
100%
LouisianaCapitalBaton Rouge
96%
MississippiCapital | Largest CityJackson
96%
New MexicoCapitalSanta Fe
96%
CaliforniaLargest CityLos Angeles
96%
MissouriLargest CityKansas City
96%
LouisianaLargest CityNew Orleans
96%
IllinoisLargest CityChicago
96%
ArkansasCapital | Largest CityLittle Rock
96%
OklahomaCapital | Largest CityOklahoma City
93%
AlaskaLargest CityAnchorage
93%
New YorkLargest CityNew York City
93%
NevadaLargest CityLas Vegas
93%
MinnesotaLargest CityMinneapolis
93%
North CarolinaCapitalRaleigh
93%
MarylandLargest CityBaltimore
93%
TexasLargest CityHouston
93%
AlaskaCapitalJuneau
93%
TexasCapitalAustin
93%
UtahCapital | Largest CitySalt Lake City
93%
IdahoCapital | Largest CityBoise
93%
ColoradoCapital | Largest CityDenver
93%
MichiganLargest CityDetroit
89%
Maine | OregonLargest CityPortland
89%
TennesseeCapital | Largest CityNashville
89%
New MexicoLargest CityAlbuquerque
89%
New YorkCapitalAlbany
89%
IowaCapital | Largest CityDes Moines
89%
ConnecticutCapitalHartford
89%
North CarolinaLargest CityCharlotte
89%
PennsylvaniaLargest CityPhiladelphia
89%
FloridaCapitalTallahassee
89%
IllinoisCapitalSpringfield
89%
FloridaLargest CityJacksonville
85%
West VirginiaCapital | Largest CityCharleston
85%
DelawareCapitalDover
85%
KansasCapitalTopeka
85%
NebraskaLargest CityOmaha
85%
WashingtonLargest CitySeattle
85%
MarylandCapitalAnnapolis
85%
Rhode IslandCapital | Largest CityProvidence
85%
NebraskaCapitalLincoln
85%
OhioCapital | Largest CityColumbus
85%
NevadaCapitalCarson City
85%
AlabamaCapitalMontgomery
85%
KentuckyLargest CityLouisville
81%
WisconsinLargest CityMilwaukee
81%
KentuckyCapitalFrankfort
81%
WyomingCapital | Largest CityCheyenne
81%
MichiganCapitalLansing
81%
MinnesotaCapitalSaint Paul
81%
VirginiaCapitalRichmond
81%
PennsylvaniaCapitalHarrisburg
81%
AlabamaLargest CityBirmingham
78%
New JerseyLargest CityNewark
78%
MaineCapitalAugusta
78%
MissouriCapitalJefferson City
78%
MontanaCapitalHelena
78%
New JerseyCapitalTrenton
78%
North DakotaCapitalBismarck
78%
OregonCapitalSalem
78%
VermontCapitalMontpelier
78%
South CarolinaCapital | Largest CityColumbia
78%
South DakotaCapitalPierre
78%
New HampshireCapitalConcord
74%
KansasLargest CityWichita
74%
WisconsinCapitalMadison
74%
WashingtonCapitalOlympia
74%
VirginiaLargest CityVirginia Beach
67%
New HampshireLargest CityManchester
59%
MontanaLargest CityBillings
59%
North DakotaLargest CityFargo
59%
VermontLargest CityBurlington
59%
South DakotaLargest CitySioux Falls
48%
DelawareLargest CityWilmington
48%
ConnecticutLargest CityBridgeport
44%

Score Distribution

Percentile by Number Answered

Percent of People with Each Score

Your Score History

You have not taken this quiz